Score 0/20 Timer 08:00
0 Plays Today
Fact Answer % Correct
2nd Boyfriend:Daniel 'Oz' Osbourne
96.7%
First Boyfriend:Xander Harris
96.2%
1st Girlfriend:Tara Maclay
96.2%
Best Friend:Buffy Summers
94.6%
2nd Girlfriend:Kennedy
94%
Graduated from:Sunnydale High
94%
Cause of death:Warren shot her
92.9%
Pet Rat:Amy Madison
90.2%
She Killed:Warren Mears
90.2%
Religion:Jewish
89.7%
Fact Answer % Correct
Full Name:Willow Rosenberg
84.2%
Year of Birth:1981
81%
Job description:Witch
70.1%
Reason for break up:cheated
64.1%
Father:Ira Rosenberg
63%
Magic Supplier:Rack
61.4%
Mother:Sheila Rosenberg
54.3%
Reason for break up:He stole her barbie
53.8%
Willlow's state at end of season 6:Dark Willow
43.5%
Chess PartnerDawn Summers
35.9%
Remove Ads.
Support Sporcle.
Get the best of Sporcle when you Go Orange. This ad-free experience offers more features, more stats, and more fun while also helping to support Sporcle. Thank you for becoming a member.

You're not logged in!

Compare scores with friends on all Sporcle quizzes.
OR
Log In

Show Comments

Extras

Top Quizzes Today


Score Distribution

Your Account Isn't Verified!

In order to create a playlist on Sporcle, you need to verify the email address you used during registration. Go to your Sporcle Settings to finish the process.

Report this User

Report this user for behavior that violates our Community Guidelines.

Details: